Rubber: Guna menma urappakkam (Record no. 68179)

MARC details
000 -LEADER
fixed length control field 00264nam a2200109Ia 4500
245 #0 - TITLE STATEMENT
Title Rubber: Guna menma urappakkam
260 ## - PUBLICATION, DISTRIBUTION, ETC. (IMPRINT)
Name of publisher Karshakasree
Year of publication 2017
300 ## - PHYSICAL DESCRIPTION
Number of Pages 64,65,67
650 ## - SUBJECT ADDED ENTRY--TOPICAL TERM
Topical Term Rubber grading
942 ## - ADDED ENTRY ELEMENTS (KOHA)
Koha item type Journals
Holdings
Withdrawn status Lost status Damaged status Not for loan Home library Current library Shelving location Date acquired Serial Enumeration / chronology Koha item type
      Journals RRII Library RRII Library Rubber general 17/12/2021 Volume 23, Issue 2 Journals